Public attitudes towards the affordability of market housing (Record no. 108427)
[ view plain ]
| 000 -LEADER | |
|---|---|
| fixed length control field | 01625cad a22002535a 4500 |
| 001 - CONTROL NUMBER | |
| control field | L144248 |
| 008 - FIXED-LENGTH DATA ELEMENTS--GENERAL INFORMATION | |
| fixed length control field | 080707e20080702xxkd f s f000 0 eng d |
| 035 ## - SYSTEM CONTROL NUMBER | |
| System control number | (Sirsi) u144248 |
| 041 0# - LANGUAGE CODE | |
| Language code of text/sound track or separate title | eng |
| 050 04 - LIBRARY OF CONGRESS CALL NUMBER | |
| Classification number | 333.33 $2 18 |
| 110 2# - MAIN ENTRY--CORPORATE NAME | |
| Corporate name or jurisdiction name as entry element | National Housing and Planning Advice Unit |
| 9 (RLIN) | 5426 |
| 245 00 - TITLE STATEMENT | |
| Title | Public attitudes towards the affordability of market housing |
| Medium | [electronic resource] |
| 260 ## - PUBLICATION, DISTRIBUTION, ETC. | |
| -- | areham |
| Name of publisher, distributor, etc. | NHPAU |
| Date of publication, distribution, etc. | 2008 |
| 490 #0 - SERIES STATEMENT | |
| Series statement | NHPAU Research Findings |
| Volume/sequential designation | (3) |
| 505 2# - FORMATTED CONTENTS NOTE | |
| Formatted contents note | Method -- Government housing targets -- House prices -- Affordability -- Government policies on affordability -- Access to home ownership -- Housing aspirations -- Satisfaction with current housing -- Housing costs -- The credit crunch -- Impact on the credit crunch on the mortgage markets -- Government measures to protect against credit crunch |
| 520 ## - SUMMARY, ETC. | |
| Summary, etc. | Explores public opinion on the affordability of market housing. Main observations included: 65% of respondents believe that the Government target of 240,000 new homes a year are either too low or about right; despite falling house prices, the majority of respondents believe that this will not significantly improve affordability and that one third of aspiring home owners believe that they will never be able to afford to buy a home. |
| 521 ## - TARGET AUDIENCE NOTE | |
| Target audience note | Advanced |
| 590 ## - LOCAL NOTE (RLIN) | |
| Local note | KA |
| 650 24 - SUBJECT ADDED ENTRY--TOPICAL TERM | |
| Topical term or geographic name entry element | CREDIT CRUNCH |
| 651 #4 - SUBJECT ADDED ENTRY--GEOGRAPHIC NAME | |
| Geographic name | England and Wales |
| Chronological subdivision | 1543- |
| 690 ## - LOCAL SUBJECT ADDED ENTRY--TOPICAL TERM (OCLC, RLIN) | |
| Topical term or geographic name as entry element | PROPERTY-RESIDENTIAL PROPERTY-RESIDENTIAL PROPERTY MARKET |
| 856 40 - ELECTRONIC LOCATION AND ACCESS | |
| Uniform Resource Identifier | <a href="https://www.communities.gov.uk/documents/507390/pdf/867687.pdf">https://www.communities.gov.uk/documents/507390/pdf/867687.pdf</a> |
| Public note | View the document free of charge at www.communities.gov.uk/nhpau... |
| 942 ## - ADDED ENTRY ELEMENTS (KOHA) | |
| Suppress in OPAC | 0 |
| Withdrawn status | Lost status | Source of classification or shelving scheme | Damaged status | Not for loan | Home library | Current library | Shelving location | Date acquired | Total Checkouts | Full call number | Barcode | Date last seen | Copy number | Price effective from | Koha item type |
|---|---|---|---|---|---|---|---|---|---|---|---|---|---|---|---|
| Dewey Decimal Classification | Virtual | Virtual | Online | 07/07/2008 | ONLINE PUBLICATION | 144248-1001 | 06/08/2019 | 1 | 06/08/2019 | Book |